000 00351pam a2200157a 44500
008 230515b2008 xxu||||| |||| 00| 0 eng d
020 _aNULL
041 _aENGLISH
082 _a025.04 AGA
100 _aAGARWAL VIDYA VRAT
245 _aBEGINING C # 2008 DATABASE
250 _a1
260 _aDELHI
_bNA
_c2008
300 _a482
650 _aNULL
999 _c639586
_d639586